Komparatívne výhody v zahraničnom obchode vybranej krajiny bakalárska práca

Na minha lista:
Detalhes bibliográficos
Autor principal: Flanderová, Alexandra
Autor Corporativo: Fakulta medzinárodných vzťahov EU. Katedra medzinárodných ekonomických vzťahov a hospodárskej diplomacie
Outros Autores: Kunychka, Mykhaylo, 1990-
Formato: Livro
Idioma:eslovaco
Publicado em: Bratislava 2018
Tags: Adicionar Tag
Sem tags, seja o primeiro a adicionar uma tag!

MARC

LEADER 00000nbm a2200000 4500
001 0244541
005 20180810101537.7
041 0 |a slo 
044 |a SK 
245 1 0 |a Komparatívne výhody v zahraničnom obchode vybranej krajiny  |b bakalárska práca  |c Alexandra Flanderová ; školiteľ: Mykhaylo Kunychka 
264 1 |a Bratislava  |c 2018 
300 |a 54 s. 
100 1 |a Flanderová, Alexandra 
700 1 |a Kunychka, Mykhaylo, 1990- 
710 2 |a Fakulta medzinárodných vzťahov EU. Katedra medzinárodných ekonomických vzťahov a hospodárskej diplomacie